000 00438nam a2200169Ia 4500
003 GCL
008 140319s9999 xx 000 0 eng d
040 _aGCL /
_cGCL
082 0 4 _a843
_bM A
100 1 _aMARQUEZ, GABRIEL G.
245 1 0 _aL'AUTOMNE DU PATRIARCHE /
_cMARQUEZ, GABRIEL G.
260 _a[S.N] :
_bLE LIVRE DE POCHE ،
_c1981
300 _a316 P
650 0 4 _aLITERATURE
650 0 4 _aFRENCH LITERATURE
942 _2ddc
_cBK
999 _c22525
_d22525